Europa 1492 : retrato de un continente hace quinientos años (Record no. 146)

MARC details
000 -CABECERA
campo de control de longitud fija 00679nam a2200229 a 4500
001 - NÚMERO DE CONTROL
campo de control BRCA_170
005 - FECHA Y HORA DE LA ÚLTIMA TRANSACCIÓN
campo de control 20190320202916.0
008 - DATOS DE LONGITUD FIJA--INFORMACIÓN GENERAL
campo de control de longitud fija 900406s1990 nyua---##b---#001-0#spa-#
020 ## - NÚMERO INTERNACIONAL ESTÁNDAR DEL LIBRO
Número Internacional Estándar del Libro 081602474X
041 ## - CÓDIGO DE LENGUA
Código de lengua del texto/banda sonora o título independiente spa
044 ## - CÓDIGO DEL PAÍS DE LA ENTIDAD EDITORA/PRODUCTORA
Código MARC del país nyu
050 #4 - SIGNATURA TOPOGRÁFICA DE LA BIBLIOTECA DEL CONGRESO
Número de clasificación D203
Número de documento/Ítem .C37 1990
100 1# - ENTRADA PRINCIPAL--NOMBRE DE PERSONA
Nombre de persona Cardini, Franco
9 (RLIN) 640
245 10 - MENCIÓN DE TÍTULO
Título Europa 1492 : retrato de un continente hace quinientos años
Mención de responsabilidad, etc. Franco Cardini.
260 ## - PUBLICACIÓN, DISTRIBUCIÓN, ETC.
Lugar de publicación, distribución, etc. New York
Nombre del editor, distribuidor, etc. Facts on File
Lugar de fabricación/manufactura c1989
300 ## - DESCRIPCIÓN FÍSICA
Extensión 236 p.
Otras características físicas il. (algunas a color)
Dimensiones 32 cm.
500 ## - NOTA GENERAL
Nota general Traducido del italiano
500 ## - NOTA GENERAL
Nota general Incluye índice onomástico
504 ## - NOTA DE BIBLIOGRAFÍA, ETC.
Nota de bibliografía, etc. Bibliografía : p. 232.
650 14 - PUNTO DE ACCESO ADICIONAL DE MATERIA--TÉRMINO DE MATERIA
Término de materia o nombre geográfico como elemento de entrada Historia
Subdivisión cronológica Siglo XV
Subdivisión geográfica Europa
9 (RLIN) 641
942 ## - ELEMENTOS DE PUNTO DE ACCESO ADICIONAL (KOHA)
Fuente del sistema de clasificación o colocación Library of Congress Classification
Tipo de ítem Koha Libros
Holdings
Estado de retiro Estado de pérdida Estado dañado No para préstamo Localización permanente Ubicación/localización actual Fecha de adquisición Total de préstamos Signatura topográfica completa Código de barras Fecha visto por última vez Precio válido a partir de Tipo de ítem Koha
El ejemplar forma parte de la colección y puede ser consultado según las políticas vigentes.       Biblioteca del Museo Franz Mayer (Rogerio Casas-Alatriste) Biblioteca del Museo Franz Mayer (Rogerio Casas-Alatriste) 25/06/2008   D203 .C37 1990 00230 22/03/2019 22/03/2019 Libros